[Event "2. Bundesliga Ost 2018/2019"]
[Site "alle Wien"]
[Date "2019.01.13"]
[Round "7"]
[Board "5"]
[White "Djeno, Drago"]
[Black "Hofbauer, Peter"]
[Result "1-0"]
[WhiteElo "2253"]
[BlackElo "2072"]
[PlyCount "87"]
[EventDate "2018.10.06"]
[EventType "team"]
[EventRounds "11"]
[EventCountry "AUT"]
[WhiteTeam "SK Hietzing"]
[BlackTeam "SC Donaustadt"]

1. c4 c6 2. Nf3 d5 3. b3 Nf6 4. g3 Bf5 5. Bg2 e6 6. Bb2 Nbd7 7. Nh4 Be4 8. Nf3
Bd6 9. d3 Bb4+ 10. Nbd2 Bxf3 11. Bxf3 Qa5 12. a3 Bxd2+ 13. Qxd2 Qxd2+ 14. Kxd2
O-O 15. Rab1 e5 16. Rhc1 e4 17. Bg2 exd3 18. cxd5 cxd5 19. Kxd3 Rac8 20. Bd4 b6
21. b4 Ng4 22. f4 h5 23. Bxd5 Nxh2 24. Rh1 Ng4 25. Rxh5 Ndf6 26. Rg5 Rfd8 27.
e4 Rd6 28. Rh1 Rcd8 29. Rh4 Nxd5 30. Rxg7+ Kf8 31. Rh8+ Ke7 32. Rxd8 Rxd8 33.
exd5 Nh6 34. Ke4 Kf8 35. Rh7 f5+ 36. Ke5 Nf7+ 37. Kxf5 Rxd5+ 38. Be5 Nxe5 39.
fxe5 Rd3 40. Rxa7 Rxg3 41. Kf6 Rf3+ 42. Ke6 Rh3 43. Ra8+ Kg7 44. Ke7  1-0

[Event "2. Bundesliga Ost 2018/2019"]
[Site "alle Wien"]
[Date "2019.01.13"]
[Round "7"]
[Board "6"]
[White "Hechl, Fabian"]
[Black "Smith, Jeff"]
[Result "1-0"]
[WhiteElo "1986"]
[BlackElo "2149"]
[PlyCount "127"]
[EventDate "2018.10.06"]
[EventType "team"]
[EventRounds "11"]
[EventCountry "AUT"]
[WhiteTeam "SC Donaustadt"]
[BlackTeam "SK Hietzing"]

1. e4 e6 2. d4 d5 3. Nd2 Nf6 4. e5 Nfd7 5. Bd3 c5 6. c3 Nc6 7. Ne2 cxd4 8. cxd4
Qb6 9. Nf3 f6 10. exf6 Nxf6 11. O-O Bd6 12. b3 O-O 13. Bf4 Bxf4 14. Nxf4 Kh8
15. Ng5 Qxd4 16. Ngxe6 Bxe6 17. Nxe6 Qh4 18. Nxf8 Rxf8 19. h3 g5 20. Bf5 Qf4
21. Bg4 Ne5 22. Qc1 Nfxg4 23. Qxf4 Rxf4 24. hxg4 Rxg4 25. f3 Rf4 26. Rac1 Nc6
27. Rfd1 d4 28. Rc5 h6 29. a3 a5 30. Rb5 Rf7 31. b4 axb4 32. axb4 Rd7 33. Rb6
Kg7 34. Kf2 Ne5 35. Re6 Nc6 36. b5 Ne7 37. b6 Nc6 38. Rb1 Rd8 39. Ke2 Rh8 40.
Kd3 Kf7 41. Rxc6 bxc6 42. Kxd4 Ke6 43. Kc5 Kd7 44. Rd1+ Kc8 45. Kxc6 h5 46. Rd6
Rg8 47. Rh6 h4 48. b7+ Kb8 49. Rd6 Rh8 50. Rg6 Rf8 51. Rxg5 Rf6+ 52. Kd5 Kxb7
53. Ke5 Rh6 54. f4 Kc8 55. f5 Kd8 56. Rg6 Rh5 57. Ke6 h3 58. gxh3 Rxh3 59. f6
Re3+ 60. Kf7 Rf3 61. Kf8 Rf1 62. f7 Kd7 63. Kg8 Ke7 64. Rg7  1-0

[Event "2. Bundesliga Ost 2018/2019"]
[Site "alle Wien"]
[Date "2019.01.13"]
[Round "7"]
[Board "1"]
[White "Schwarz, Dusan"]
[Black "Jankovic, Alojzije"]
[Result "1/2-1/2"]
[WhiteElo "2293"]
[BlackElo "2543"]
[PlyCount "74"]
[EventDate "2018.10.06"]
[EventType "team"]
[EventRounds "11"]
[EventCountry "AUT"]
[WhiteTeam "Wiener Amateurschachklub"]
[BlackTeam "SK Advisory Invest Baden"]

1. d4 Nf6 2. c4 d6 3. Nc3 e5 4. dxe5 dxe5 5. Qxd8+ Kxd8 6. Nf3 Nc6 7. Bg5 Be6
8. Nd5 Bb4+ 9. Nxb4 Nxb4 10. O-O-O+ Ke7 11. Nxe5 Nxa2+ 12. Kb1 Nb4 13. e4 Rad8
14. Be2 h6 15. Bxf6+ Kxf6 16. f4 g5 17. g3 gxf4 18. gxf4 Rxd1+ 19. Rxd1 Rg8 20.
Bf3 a5 21. Kc1 Na6 22. Kd2 Nc5 23. Ke3 a4 24. Nd3 Nxd3 25. Kxd3 Bg4 26. Ke3
Bxf3 27. Kxf3 Ke7 28. Ra1 Ra8 29. Ke3 Ra6 30. Kd4 Rb6 31. Rxa4 Rxb2 32. h4 b6
33. Ra8 Rd2+ 34. Ke5 Rc2 35. Kd4 Rd2+ 36. Ke5 Rc2 37. Kd4 Rd2+  1/2-1/2

[Event "2. Bundesliga Ost 2018/2019"]
[Site "alle Wien"]
[Date "2019.01.13"]
[Round "7"]
[Board "2"]
[White "Rubil, Marko"]
[Black "Kleman, Miroslav"]
[Result "1-0"]
[WhiteElo "2207"]
[BlackElo "2256"]
[PlyCount "91"]
[EventDate "2018.10.06"]
[EventType "team"]
[EventRounds "11"]
[EventCountry "AUT"]
[WhiteTeam "SK Advisory Invest Baden"]
[BlackTeam "Wiener Amateurschachklub"]

1. e4 e5 2. Nc3 Nf6 3. g3 d5 4. exd5 c6 5. dxc6 Bc5 6. Bg2 Nxc6 7. Nge2 a6 8.
h3 Be6 9. d3 Rc8 10. O-O b5 11. Bg5 Qd7 12. Kh2 b4 13. Na4 Ba7 14. a3 a5 15.
axb4 axb4 16. Qd2 Nd5 17. c4 Nde7 18. Be3 O-O 19. b3 Rcd8 20. Nc5 Bxc5 21. Bxc5
Rfe8 22. Rfd1 h5 23. Bxb4 Nxb4 24. Qxb4 h4 25. g4 f5 26. gxf5 Nxf5 27. Qb7 Qd6
28. Ra6 Qf8 29. Rxe6 Rxe6 30. Bd5 Rxd5 31. Qxd5 Qf6 32. Rg1 Kh7 33. Qf3 g6 34.
Nc3 Qd8 35. Ne4 Rb6 36. Qd1 Qb8 37. Qg4 Qd8 38. c5 Ra6 39. Ng5+ Kg7 40. Qc4 Qf6
41. Qe4 Ra2 42. Rg2 Ra7 43. b4 Rd7 44. Nf3 Nd4 45. Nxe5 g5 46. f4  1-0

[Event "2. Bundesliga Ost 2018/2019"]
[Site "alle Wien"]
[Date "2019.01.13"]
[Round "7"]
[Board "3"]
[White "Frindt, Kornel"]
[Black "Ly, Dominik"]
[Result "1/2-1/2"]
[WhiteElo "2217"]
[BlackElo "2238"]
[PlyCount "86"]
[EventDate "2018.10.06"]
[EventType "team"]
[EventRounds "11"]
[EventCountry "AUT"]
[WhiteTeam "Wiener Amateurschachklub"]
[BlackTeam "SK Advisory Invest Baden"]

1. e4 c5 2. Nf3 Nc6 3. Bb5 g6 4. Bxc6 dxc6 5. d3 Bg7 6. h3 Nf6 7. Nc3 Nd7 8.
Be3 e5 9. Qd2 h6 10. Nh2 b6 11. O-O-O Nf8 12. Ne2 Be6 13. Kb1 Qe7 14. Qc3 O-O-O
15. Nf1 Kb7 16. Nd2 f5 17. f3 Bf6 18. Nc1 Bf7 19. Nc4 Bxc4 20. Qxc4 Bg5 21.
Bxg5 Qxg5 22. g4 Qf6 23. Nb3 fxg4 24. fxg4 Ne6 25. a4 Rhf8 26. a5 Nf4 27. Rdf1
Qe6 28. Nd2 Qe7 29. a6+ Kc7 30. Nb3 Qe6 31. Nd2 Qe7 32. Nb3 Ne6 33. Qc3 Nd4 34.
Nxd4 cxd4 35. Qd2 Qg5 36. Kc1 b5 37. h4 Qxd2+ 38. Kxd2 Rf4 39. Rxf4 exf4 40. g5
h5 41. Ke2 Kd6 42. Kf3 Ke5 43. Ra1 Rb8  1/2-1/2

[Event "2. Bundesliga Ost 2018/2019"]
[Site "alle Wien"]
[Date "2019.01.13"]
[Round "7"]
[Board "4"]
[White "Dzierzenga, Stefan"]
[Black "Lipp, Alfred"]
[Result "1/2-1/2"]
[WhiteElo "2212"]
[BlackElo "1996"]
[PlyCount "66"]
[EventDate "2018.10.06"]
[EventType "team"]
[EventRounds "11"]
[EventCountry "AUT"]
[WhiteTeam "SK Advisory Invest Baden"]
[BlackTeam "Wiener Amateurschachklub"]

1. e4 c5 2. Nf3 d6 3. d4 cxd4 4. Nxd4 Nf6 5. Nc3 g6 6. Be3 Bg7 7. f3 O-O 8. Qd2
Nc6 9. g4 Be6 10. Nxe6 fxe6 11. O-O-O Ne5 12. Be2 Rc8 13. Nb5 Qd7 14. Qb4 a6
15. Nd4 b5 16. Kb1 Nc4 17. Bc1 e5 18. Nb3 Qa7 19. Qe1 Nd7 20. Na5 Ndb6 21. Nxc4
Nxc4 22. b3 Nb6 23. Be3 Qc7 24. Qd2 Rfd8 25. h4 e6 26. Bg5 Rd7 27. Bd3 d5 28.
h5 Nc4 29. Bxc4 bxc4 30. hxg6 hxg6 31. Bh6 cxb3 32. cxb3 dxe4 33. Qxd7 Qc2+
 1/2-1/2

[Event "2. Bundesliga Ost 2018/2019"]
[Site "alle Wien"]
[Date "2019.01.13"]
[Round "7"]
[Board "5"]
[White "Reyes-Acevedo, Ismael"]
[Black "Juenger, Heinz"]
[Result "0-1"]
[WhiteElo "1964"]
[BlackElo "2141"]
[PlyCount "48"]
[EventDate "2018.10.06"]
[EventType "team"]
[EventRounds "11"]
[EventCountry "AUT"]
[WhiteTeam "Wiener Amateurschachklub"]
[BlackTeam "SK Advisory Invest Baden"]

1. c4 Nf6 2. Nc3 d5 3. d4 g6 4. Nf3 Bg7 5. Qb3 dxc4 6. Qxc4 O-O 7. Bf4 Na6 8.
e4 c5 9. d5 e6 10. Be2 exd5 11. exd5 Qb6 12. O-O Bf5 13. Rad1 Rfe8 14. Nh4 Bd7
15. Rd2 h6 16. Bg3 g5 17. Nf3 Nh5 18. Ne5 Nxg3 19. Nxd7 Nxe2+ 20. Nxe2 Qd6 21.
b4 cxb4 22. f4 Qxd7 23. f5 Rac8 24. Qb3 Bc3  0-1

[Event "2. Bundesliga Ost 2018/2019"]
[Site "alle Wien"]
[Date "2019.01.13"]
[Round "7"]
[Board "6"]
[White "Zojer, Stefan"]
[Black "Jirovec, Alfred"]
[Result "1-0"]
[WhiteElo "2125"]
[BlackElo "1977"]
[PlyCount "87"]
[EventDate "2018.10.06"]
[EventType "team"]
[EventRounds "11"]
[EventCountry "AUT"]
[WhiteTeam "SK Advisory Invest Baden"]
[BlackTeam "Wiener Amateurschachklub"]

1. d4 Nf6 2. Nf3 g6 3. e3 Bg7 4. Bd3 d5 5. O-O O-O 6. b3 b6 7. Nbd2 Bb7 8. Bb2
Nbd7 9. Qe2 c5 10. Rfd1 Qc7 11. Rac1 Rac8 12. c4 Qb8 13. e4 dxe4 14. Nxe4 Nxe4
15. Bxe4 Bxe4 16. Qxe4 Nf6 17. Qe5 cxd4 18. Qxe7 Rfe8 19. Qa3 Ne4 20. Bxd4 Bxd4
21. Rxd4 Nc5 22. Rcd1 a5 23. Qc1 Ne6 24. Rd7 b5 25. Ng5 Nxg5 26. Qxg5 bxc4 27.
bxc4 Qb4 28. g3 Re1+ 29. Kg2 Rxd1 30. Rxd1 Qxc4 31. Qxa5 Qe4+ 32. Kg1 Rc2 33.
a4 Qe2 34. Qd8+ Kg7 35. Qd4+ Kg8 36. Rb1 Rc8 37. a5 Qc2 38. Ra1 Rb8 39. a6 Rb1+
40. Rxb1 Qxb1+ 41. Kg2 Qb5 42. Qd8+ Kg7 43. Qa8 h5 44. Qb7  1-0

[Event "2. Bundesliga Ost 2018/2019"]
[Site "alle Wien"]
[Date "2019.01.13"]
[Round "7"]
[Board "1"]
[White "Juhasz, Kristof"]
[Black "Benkoe, Markus"]
[Result "1-0"]
[WhiteElo "2410"]
[BlackElo "2000"]
[PlyCount "101"]
[EventDate "2018.10.06"]
[EventType "team"]
[EventRounds "11"]
[EventCountry "AUT"]
[WhiteTeam "SK Sparkasse Bad Voeslau"]
[BlackTeam "DeLaVie Oberwart - www.trink-vitamine.at"]

1. d4 d6 2. Nf3 g6 3. g3 Bg7 4. Bg2 Nf6 5. O-O O-O 6. c4 c6 7. Nc3 Nbd7 8. e4
e5 9. h3 Ne8 10. Re1 a5 11. Be3 Nc7 12. Qd2 exd4 13. Nxd4 Ne5 14. Qe2 Ne6 15.
Rad1 Nxd4 16. Bxd4 Qe7 17. f4 Nd7 18. Bxg7 Kxg7 19. Rd2 Nc5 20. Red1 Be6 21.
Rxd6 Rfd8 22. e5 Rxd6 23. exd6 Qf6 24. Qe3 Nd7 25. b3 Re8 26. Kh2 Qd8 27. Qa7
Qa8 28. Qd4+ Kg8 29. g4 Qd8 30. Be4 Nf6 31. Kg3 h5 32. Bf3 h4+ 33. Kg2 Nd7 34.
Kf2 Qf6 35. Qxf6 Nxf6 36. Ne2 Kg7 37. Nd4 Bd7 38. c5 Ne4+ 39. Bxe4 Rxe4 40. Kf3
Re8 41. Ne2 Kf6 42. Rd4 g5 43. Re4 Be6 44. Ke3 Rb8 45. Nd4 Bd5 46. Re7 Bg2 47.
fxg5+ Kg6 48. Nf3 Bxh3 49. Kf4 Bf1 50. Nxh4+ Kg7 51. g6  1-0

[Event "2. Bundesliga Ost 2018/2019"]
[Site "alle Wien"]
[Date "2019.01.13"]
[Round "7"]
[Board "2"]
[White "Ziegner, Markus"]
[Black "Plachetka, Jan"]
[Result "1-0"]
[WhiteElo "2121"]
[BlackElo "2305"]
[PlyCount "73"]
[EventDate "2018.10.06"]
[EventType "team"]
[EventRounds "11"]
[EventCountry "AUT"]
[WhiteTeam "DeLaVie Oberwart - www.trink-vitamine.at"]
[BlackTeam "SK Sparkasse Bad Voeslau"]

1. e4 e5 2. Nf3 Nc6 3. d4 exd4 4. Nxd4 Bc5 5. Nb3 Bb6 6. Nc3 Nf6 7. Bd3 d6 8.
O-O Bg4 9. Be2 Be6 10. Bf4 O-O 11. Kh1 Re8 12. Bg5 h6 13. Bh4 g5 14. Bg3 a5 15.
Bb5 Bd7 16. Bxc6 Bxc6 17. f3 d5 18. exd5 Nxd5 19. Nxd5 Qxd5 20. Qxd5 Bxd5 21.
Bf2 Bc4 22. Bxb6 Bxf1 23. Bd4 Bc4 24. Nc5 Rad8 25. Bc3 Bd5 26. Nd3 b6 27. h4
Re2 28. hxg5 hxg5 29. Bf6 Rde8 30. Bxg5 Bc4 31. Bf6 Bxd3 32. cxd3 Re1+ 33. Rxe1
Rxe1+ 34. Kh2 a4 35. a3 b5 36. Bc3 c5 37. Bxe1  1-0

[Event "2. Bundesliga Ost 2018/2019"]
[Site "alle Wien"]
[Date "2019.01.13"]
[Round "7"]
[Board "3"]
[White "Wilke, Werner"]
[Black "Gaal, Zsoka"]
[Result "1-0"]
[WhiteElo "2223"]
[BlackElo "1976"]
[PlyCount "67"]
[EventDate "2018.10.06"]
[EventType "team"]
[EventRounds "11"]
[EventCountry "AUT"]
[WhiteTeam "SK Sparkasse Bad Voeslau"]
[BlackTeam "DeLaVie Oberwart - www.trink-vitamine.at"]

1. e4 c5 2. Nf3 g6 3. c3 Bg7 4. d4 cxd4 5. cxd4 d5 6. e5 Nc6 7. Bb5 Bg4 8. Nc3
e6 9. h3 Bxf3 10. Qxf3 Nge7 11. Bg5 O-O 12. Bxc6 bxc6 13. O-O Qc7 14. Rac1 Rab8
15. b3 Nf5 16. Rfd1 Rfc8 17. g4 Nxd4 18. Rxd4 Qxe5 19. Be3 Qd6 20. Ra4 Rb7 21.
Bg5 Re8 22. Bf6 e5 23. Bxg7 Kxg7 24. Ne2 c5 25. Rd1 e4 26. Qg3 Qxg3+ 27. Nxg3
Re5 28. Ra5 Rc7 29. Ne2 h5 30. Nf4 hxg4 31. Rxd5 Kf6 32. hxg4 Rg5 33. Ra6+ Kg7
34. Rxg5  1-0

[Event "2. Bundesliga Ost 2018/2019"]
[Site "alle Wien"]
[Date "2019.01.13"]
[Round "7"]
[Board "4"]
[White "Benkoe, Christian"]
[Black "Miazhynski, Yuri"]
[Result "0-1"]
[WhiteElo "1856"]
[BlackElo "2151"]
[PlyCount "58"]
[EventDate "2018.10.06"]
[EventType "team"]
[EventRounds "11"]
[EventCountry "AUT"]
[WhiteTeam "DeLaVie Oberwart - www.trink-vitamine.at"]
[BlackTeam "SK Sparkasse Bad Voeslau"]

1. c4 e5 2. Nc3 d6 3. g3 f5 4. Bg2 Nf6 5. e3 Be7 6. Nge2 O-O 7. O-O c6 8. d4
Qe8 9. f3 Be6 10. b3 Nbd7 11. e4 fxe4 12. fxe4 Qh5 13. Qd3 Bh3 14. g4 Bxg4 15.
Ng3 Qh4 16. Nf5 Bxf5 17. exf5 exd4 18. Ne2 Ng4 19. h3 Ne3 20. Bxe3 dxe3 21.
Qxe3 Nc5 22. b4 Bg5 23. Qf3 Nd7 24. Qg4 Qxg4 25. hxg4 Ne5 26. b5 Rac8 27. Nf4
Nxg4 28. Ne6 Be3+ 29. Kh1 Rf6  0-1

[Event "2. Bundesliga Ost 2018/2019"]
[Site "alle Wien"]
[Date "2019.01.13"]
[Round "7"]
[Board "5"]
[White "Lampl, Gerald"]
[Black "Hupfer, Georg"]
[Result "1-0"]
[WhiteElo "2106"]
[BlackElo "1774"]
[PlyCount "115"]
[EventDate "2018.10.06"]
[EventType "team"]
[EventRounds "11"]
[EventCountry "AUT"]
[WhiteTeam "SK Sparkasse Bad Voeslau"]
[BlackTeam "DeLaVie Oberwart - www.trink-vitamine.at"]

1. d4 f5 2. g3 Nf6 3. Bg2 g6 4. Nh3 Bg7 5. Nf4 O-O 6. O-O c6 7. Nd2 d6 8. Nc4
Na6 9. h4 Qc7 10. d5 Nc5 11. Ne3 e5 12. dxe6 Nxe6 13. Nc4 d5 14. Nxe6 Bxe6 15.
Bf4 Qd7 16. Ne5 Qc8 17. Nd3 Re8 18. Be5 Bf7 19. Bd4 Ne4 20. Bxg7 Kxg7 21. Nf4
Qc7 22. Qd4+ Qe5 23. c3 h6 24. Nd3 Qxd4 25. cxd4 g5 26. Rfc1 Bh5 27. e3 Kf6 28.
Rc2 Re7 29. Ne5 Bg6 30. Bxe4 dxe4 31. hxg5+ hxg5 32. g4 Rh8 33. Rac1 Rh4 34.
Kf1 fxg4 35. Ke2 Bf5 36. Rg1 Reh7 37. Rcc1 Be6 38. b3 Rh8 39. Rg3 Rh1 40. Rcg1
Rxg1 41. Rxg1 Rh4 42. Kf1 a5 43. Kg2 Kf5 44. Rc1 a4 45. bxa4 Bxa2 46. Rc5 Bd5
47. Ra5 Rh8 48. Ra7 c5 49. Ra5 b6 50. Rb5 Rd8 51. Kg3 cxd4 52. exd4 Rd6 53. Nc4
Rd8 54. Nxb6 Ke6 55. Nxd5 Rxd5 56. Rxd5 Kxd5 57. Kxg4 Kxd4 58. Kxg5  1-0

[Event "2. Bundesliga Ost 2018/2019"]
[Site "alle Wien"]
[Date "2019.01.13"]
[Round "7"]
[Board "6"]
[White "Somogyi, Adolf"]
[Black "Juhasz, Agoston"]
[Result "0-1"]
[WhiteElo "1843"]
[BlackElo "2174"]
[PlyCount "92"]
[EventDate "2018.10.06"]
[EventType "team"]
[EventRounds "11"]
[EventCountry "AUT"]
[WhiteTeam "DeLaVie Oberwart - www.trink-vitamine.at"]
[BlackTeam "SK Sparkasse Bad Voeslau"]

1. d4 d5 2. c4 c6 3. Nf3 Nf6 4. Nc3 dxc4 5. a4 Bf5 6. e3 e6 7. Bxc4 Bb4 8. O-O
Nbd7 9. h3 Bg6 10. Ne5 Nxe5 11. dxe5 Bxc3 12. bxc3 Ne4 13. Qb3 Nc5 14. Qd1 Qc7
15. Qd4 Nd7 16. Qd6 O-O-O 17. Qxc7+ Kxc7 18. f4 Nb6 19. Be2 Bd3 20. Kf2 Rd5 21.
Ba3 Nc4 22. e4 Rd7 23. Bd6+ Nxd6 24. Bxd3 Nc8 25. Ke2 Rhd8 26. Rfd1 a6 27. a5
Ne7 28. g3 c5 29. f5 Nc6 30. fxe6 fxe6 31. Bc4 Rxd1 32. Rxd1 Rxd1 33. Kxd1 Kd7
34. Ke2 Nxa5 35. Bd3 Nc6 36. Ke3 Nxe5 37. Be2 Kd6 38. c4 Nc6 39. Kf4 Nd4 40.
Bd3 e5+ 41. Kg5 a5 42. h4 a4 43. h5 a3 44. Bb1 Ne2 45. h6 gxh6+ 46. Kxh6 Nc3
 0-1

[Event "2. Bundesliga Ost 2018/2019"]
[Site "alle Wien"]
[Date "2019.01.13"]
[Round "7"]
[Board "1"]
[White "Mikes, Jan"]
[Black "Schwarhofer, Christopher"]
[Result "1-0"]
[WhiteElo "2307"]
[BlackElo "2379"]
[PlyCount "105"]
[EventDate "2018.10.06"]
[EventType "team"]
[EventRounds "11"]
[EventCountry "AUT"]
[WhiteTeam "SG Mistelbach/Altlichtenwarth"]
[BlackTeam "Blackburne Nickelsdorf"]

1. e4 d5 2. exd5 Qxd5 3. Nc3 Qd6 4. d4 c6 5. Nf3 Bg4 6. Bd3 Nf6 7. h3 Bh5 8. g4
Bg6 9. Ne2 Nbd7 10. O-O e6 11. Bf4 Qd5 12. Ng3 Qa5 13. c4 Be7 14. a3 O-O 15.
Re1 Rfe8 16. Bf1 h6 17. b4 Qb6 18. Qd2 a5 19. c5 Qd8 20. Bd3 Bxd3 21. Qxd3 Nd5
22. Bd2 axb4 23. axb4 b5 24. Nh5 N7f6 25. Ne5 Nxh5 26. gxh5 Qc7 27. Ra5 Rxa5
28. bxa5 Bg5 29. a6 Bxd2 30. Qxd2 Ra8 31. Ra1 Qc8 32. a7 f6 33. Ng4 Qd7 34. Qa5
Kf7 35. Qa6 Ne7 36. Qb6 Ke8 37. Qb8+ Qc8 38. Qf4 Nd5 39. Qd6 Kf7 40. Ne3 Ne7
41. Kh1 Qb7 42. Qg3 Kf8 43. Rg1 Nc8 44. Ng4 Rxa7 45. Nxh6 Qd7 46. Ng4 Qxd4 47.
h6 g5 48. Qb8 f5 49. Qxc8+ Kf7 50. Qb8 Qe4+ 51. Kh2 Qf4+ 52. Qxf4 gxf4 53. h7
 1-0

[Event "2. Bundesliga Ost 2018/2019"]
[Site "alle Wien"]
[Date "2019.01.13"]
[Round "7"]
[Board "3"]
[White "Groetz, Harald"]
[Black "Bury, Rastislav"]
[Result "1-0"]
[WhiteElo "2339"]
[BlackElo "2140"]
[PlyCount "55"]
[EventDate "2018.10.06"]
[EventType "team"]
[EventRounds "11"]
[EventCountry "AUT"]
[WhiteTeam "SG Mistelbach/Altlichtenwarth"]
[BlackTeam "Blackburne Nickelsdorf"]

1. Nf3 g6 2. g3 Bg7 3. Bg2 c5 4. O-O Nc6 5. d3 e6 6. Nbd2 Nge7 7. e4 O-O 8. Re1
d6 9. a4 b6 10. Nf1 Bb7 11. c3 d5 12. e5 d4 13. c4 Qc7 14. Bf4 Nb4 15. h4 a6
16. N1h2 b5 17. b3 Bc6 18. Ng4 Qb7 19. Bh6 Bxh6 20. Nxh6+ Kg7 21. Ng4 Ng8 22.
h5 g5 23. h6+ Kg6 24. Re4 Bxe4 25. Nh4+ gxh4 26. Bxe4+ Qxe4 27. dxe4 Nxh6 28.
Nf6  1-0

[Event "2. Bundesliga Ost 2018/2019"]
[Site "alle Wien"]
[Date "2019.01.13"]
[Round "7"]
[Board "4"]
[White "Kuntner, Reinhard"]
[Black "Gasa, Andrej"]
[Result "1-0"]
[WhiteElo "2024"]
[BlackElo "2282"]
[PlyCount "119"]
[EventDate "2018.10.06"]
[EventType "team"]
[EventRounds "11"]
[EventCountry "AUT"]
[WhiteTeam "Blackburne Nickelsdorf"]
[BlackTeam "SG Mistelbach/Altlichtenwarth"]

1. c4 e5 2. d3 Nf6 3. Nf3 Nc6 4. a3 a5 5. g3 d5 6. cxd5 Nxd5 7. Bg2 Be7 8. O-O
O-O 9. Bd2 Be6 10. Nc3 Nb6 11. Be3 Nd5 12. Nxd5 Bxd5 13. Qa4 Bf6 14. Rac1 Re8
15. Nd2 Bxg2 16. Kxg2 Bg5 17. Bxg5 Qxg5 18. Nf3 Qe7 19. Qb5 Ra6 20. Qc5 Rb6 21.
Qxe7 Rxe7 22. Rc2 f6 23. Rfc1 Rd7 24. h4 h5 25. Kf1 Rd5 26. Nd2 Rdb5 27. Nc4
Ra6 28. e3 Nd8 29. Ke2 Ne6 30. f4 Rc6 31. fxe5 fxe5 32. a4 Rd5 33. Nd2 Rb6 34.
b3 Rb4 35. Rc4 Rb6 36. R1c3 c5 37. Kf3 Kf7 38. Ke4 Rbd6 39. Nf3 Kf6 40. Ne1 b6
41. Rc2 g6 42. Rf2+ Kg7 43. Rc3 Nd8 44. Nf3 Nf7 45. Ng5 Nd8 46. Rg2 Rd7 47. g4
hxg4 48. Rxg4 Kf6 49. Rg3 R5d6 50. Rc2 Rxd3 51. Rf2+ Kg7 52. h5 R7d4+ 53. Kf3
Rd6 54. Ne4 Re6 55. Rfg2 Kh6 56. Rxg6+ Rxg6 57. Rxg6+ Kxh5 58. Rxb6 Nf7 59.
Nxc5 Rd5 60. Ne4  1-0

[Event "2. Bundesliga Ost 2018/2019"]
[Site "alle Wien"]
[Date "2019.01.13"]
[Round "7"]
[Board "5"]
[White "Vrana, Frantisek"]
[Black "Bachofner, Christian"]
[Result "1-0"]
[WhiteElo "2252"]
[BlackElo "2012"]
[PlyCount "103"]
[EventDate "2018.10.06"]
[EventType "team"]
[EventRounds "11"]
[EventCountry "AUT"]
[WhiteTeam "SG Mistelbach/Altlichtenwarth"]
[BlackTeam "Blackburne Nickelsdorf"]

1. e4 c5 2. Nf3 d6 3. g3 Nc6 4. Bg2 Nf6 5. Nc3 g6 6. d4 cxd4 7. Nxd4 Nxd4 8.
Qxd4 Bg7 9. O-O O-O 10. Qd1 a6 11. a4 Qc7 12. Nd5 Nxd5 13. exd5 Bf5 14. c3 Rfe8
15. Be3 Qc4 16. a5 Qb5 17. Qc1 Rac8 18. Rd1 Qd7 19. Qd2 Rc4 20. Bf1 Ra4 21. Bb6
h5 22. Rac1 Kh7 23. b3 Re4 24. Bg2 Bh6 25. f4 Rc8 26. Bxe4 Bxe4 27. Re1 f5 28.
c4 Bg7 29. Re3 Bf6 30. Rce1 e5 31. dxe6 Qxe6 32. Rd1 Rc6 33. h4 Qe8 34. Bd4 Qh8
35. Bxf6 Qxf6 36. Qd4 Kg7 37. Kf2 Qxd4 38. Rxd4 Kf6 39. Rc3 d5 40. c5 Re6 41.
Rb4 Re7 42. Rb6+ Kf7 43. Rd6 Re6 44. Rxe6 Kxe6 45. Ke3 Kd7 46. Kd4 Kc6 47. Rc1
Kb5 48. c6 bxc6 49. Rc5+ Kb4 50. Rxc6 Kxa5 51. Kc5 Bd3 52. Rb6  1-0

[Event "2. Bundesliga Ost 2018/2019"]
[Site "alle Wien"]
[Date "2019.01.13"]
[Round "7"]
[Board "6"]
[White "Gratze, Michael"]
[Black "Oberhuber, Alexander"]
[Result "1/2-1/2"]
[WhiteElo "1956"]
[BlackElo "2028"]
[PlyCount "120"]
[EventDate "2018.10.06"]
[EventType "team"]
[EventRounds "11"]
[EventCountry "AUT"]
[WhiteTeam "Blackburne Nickelsdorf"]
[BlackTeam "SG Mistelbach/Altlichtenwarth"]

1. e4 d5 2. exd5 Nf6 3. Bb5+ Nbd7 4. c4 a6 5. Ba4 b5 6. cxb5 Nxd5 7. Nc3 N5b6
8. Bb3 e6 9. d4 Bb4 10. Bd2 O-O 11. Nf3 Nf6 12. O-O axb5 13. Ne5 Bxc3 14. bxc3
Ne4 15. Re1 Bb7 16. f3 Nxd2 17. Qxd2 Bd5 18. Qd3 c6 19. Bc2 Qh4 20. Bb3 Ra3 21.
Bxd5 Nxd5 22. Re4 Qh6 23. Nxc6 Nxc3 24. Ree1 Rfa8 25. d5 Nxd5 26. Qxb5 Qf6 27.
Qc5 h5 28. Ne5 Rxa2 29. Rxa2 Rxa2 30. Qc8+ Kh7 31. Qe8 Qg5 32. Qh8+ Kxh8 33.
Nxf7+ Kg8 34. Nxg5 Nf4 35. g3 Ne2+ 36. Kf1 Nd4 37. Re4 Ra1+ 38. Kg2 Ra2+ 39.
Kh3 Rd2 40. f4 g6 41. Re3 Kf8 42. Ra3 Re2 43. Ra7 e5 44. fxe5 Nc6 45. Ra8+ Ke7
46. e6 Kf6 47. Ra6 Kxg5 48. Rxc6 Kf6 49. e7+ Kf7 50. Rc7 Rxe7 51. Rc4 Re2 52.
Rc7+ Kf6 53. Ra7 Rb2 54. Ra6+ Kf7 55. Ra3 Kf6 56. Rf3+ Kg7 57. Ra3 g5 58. Ra7+
Kg6 59. Ra6+ Kg7 60. Ra7+ Kg6  1/2-1/2

[Event "2. Bundesliga Ost 2018/2019"]
[Site "alle Wien"]
[Date "2019.01.13"]
[Round "7"]
[Board "1"]
[White "Blohberger, Felix"]
[Black "Baumegger, Siegfried"]
[Result "1-0"]
[WhiteElo "2433"]
[BlackElo "2446"]
[PlyCount "61"]
[EventDate "2018.10.06"]
[EventType "team"]
[EventRounds "11"]
[EventCountry "AUT"]
[WhiteTeam "mpimmo Wien - SK Ottakring"]
[BlackTeam "tschaturanga"]

1. d4 Nf6 2. Nf3 g6 3. Bg5 Bg7 4. Nbd2 O-O 5. c3 d5 6. e3 Nbd7 7. Be2 Re8 8.
O-O e5 9. Bh4 c6 10. h3 e4 11. Ne1 Nf8 12. c4 h5 13. cxd5 cxd5 14. Nb1 Bh6 15.
Nc3 g5 16. Bg3 g4 17. hxg4 Nxg4 18. Bxg4 Bxg4 19. Qb3 h4 20. Bh2 Be6 21. f3
Bxe3+ 22. Kh1 Bxd4 23. Rd1 Bxc3 24. Qxc3 Rc8 25. Qd4 Qb6 26. Qf6 Ng6 27. fxe4
dxe4 28. Rd6 Rc6 29. Rxe6 Rcxe6 30. Qxf7+ Kh8 31. Rf5  1-0

[Event "2. Bundesliga Ost 2018/2019"]
[Site "alle Wien"]
[Date "2019.01.13"]
[Round "7"]
[Board "2"]
[White "Morgunov, Daniel"]
[Black "Stohl, Igor"]
[Result "1/2-1/2"]
[WhiteElo "2328"]
[BlackElo "2500"]
[PlyCount "49"]
[EventDate "2018.10.06"]
[EventType "team"]
[EventRounds "11"]
[EventCountry "AUT"]
[WhiteTeam "tschaturanga"]
[BlackTeam "mpimmo Wien - SK Ottakring"]

1. e4 e5 2. Nf3 Nf6 3. Nxe5 d6 4. Nf3 Nxe4 5. Nc3 Nf6 6. d4 Be7 7. Be2 Bf5 8.
Nh4 Be6 9. Qd3 Nc6 10. Be3 O-O 11. Nf5 Nb4 12. Nxe7+ Qxe7 13. Qd2 Bf5 14. Rc1
Nfd5 15. Nxd5 Nxd5 16. c4 Nxe3 17. Qxe3 Rfe8 18. Qxe7 Rxe7 19. Kd2 Rd8 20. Rhe1
Re4 21. d5 Rd4+ 22. Kc3 Re4 23. Kd2 Rd4+ 24. Kc3 Re4 25. Kd2  1/2-1/2